=LDR 00000nam 2200000 4500 =001 INLIS000000000008816 =005 20130612100635 =008 ***********************************Ind** =035 ##$$0010-061300000008816 =041 ##$$a Ind =082 ##$$a 2x7.32 =090 ##$$a 2x7.32, mur m =100 ##$$a Mursi, Muhammad Sa'id =245 ##$$a Melahrkan Anak Masyaallah, Sebuah Terobosan Baru Dunia Pendidikan Modern, Muhammad Sa'id Mursi; Penerjemah, ali Yahya =260 ##$$a 2001 $b Jakarta =300 ##$$a xx,141 hlm, 24 cm =650 ##$$a Pendidikan Islam - Anak =850 ##$$a NBPNMAT